书目信息 |
| 题名: |
制冷装置自动化
|
|
| 作者: | 朱瑞琪 主编 | |
| 分册: | ||
| 出版信息: | 西安 西安交通大学出版社 1993.12 |
|
| 页数: | 284页 | |
| 开本: | 20cm | |
| 丛书名: | ||
| 单 册: | ||
| 中图分类: | TB65 | |
| 科图分类: | ||
| 主题词: | 制冷--机械 , 制冷--设备 | |
| 电子资源: | ||
| ISBN: | 7-5605-0584-8 | |
| 000 | 00573nam0 2200205 45 | |
| 001 | 0456917163 | |
| 005 | 2004042815483297 | |
| 010 | @a7-5605-0584-8@dCNY 9.40 | |
| 100 | @a20040428d1993 km y0chiy0120 ea | |
| 101 | 0 | @achi |
| 102 | @aCN@b610000 | |
| 200 | 1 | @a制冷装置自动化@AZhi Leng Zhuang Zhi Zi Dong Hua@f朱瑞琪主编@FZhu Rui Qi Zhu Bian |
| 210 | @a西安@c西安交通大学出版社@d1993.12 | |
| 215 | @a284页@d20cm | |
| 606 | 0 | @a制冷@x机械 |
| 606 | 0 | @a制冷@x设备 |
| 690 | @aTB65@v3 | |
| 701 | 0 | @a朱瑞琪@AZhu Rui Qi@4主编 |
| 801 | 0 | @aCN@bPFT@c20040428 |
| 905 | @dTB65@eZ865 | |
| 制冷装置自动化/朱瑞琪主编.-西安:西安交通大学出版社,1993.12 |
| 284页;20cm |
| ISBN 7-5605-0584-8:CNY 9.40 |
| ● |
| 相关链接 |
|
|
|
正题名:制冷装置自动化
索取号:TB65/Z865
 
预约/预借
| 序号 | 登录号 | 条形码 | 馆藏地/架位号 | 状态 | 备注 |
| 1 | 383301 | 203833012 | 自科库501/501自科库 18排2列3层/ [索取号:TB65/Z865] | 在馆 | |
| 2 | 383302 | 203833021 | 能源与建筑环境工程学院资料室/201建筑库 13排2列4层/ [索取号:TB65/Z865] | 在馆 | |
| 3 | 383303 | 203833030 | 自科库501/501自科库 18排2列3层/ [索取号:TB65/Z865] | 在馆 |